| 000 | 02114nam a2200325Ia 4500 | ||
|---|---|---|---|
| 999 |
_c53118 _d53118 |
||
| 001 | 20157 | ||
| 003 | GE_BSU | ||
| 005 | 20250519162930.0 | ||
| 008 | 181216s1991||||ge |||||||||||||| ||geo|| | ||
| 020 | _a5-505-01247-7 | ||
| 040 | _cGE_BSU | ||
| 041 | _ageo | ||
| 080 | _a51(075.4) + 512(076.1) + 517(076.1) მ-15 | ||
| 245 |
_aმათემატიკა : ნაწ. 1 : ალგებრა და ანალიზის საწყისები (თეორია და ამოცანათა კრებული) : _bდამხმ. სახელმძღვ. უმაღლესი სასწავლებლის მსმენელებისა და აბიტურიენტებისათვის / _cს. თოფურია, ვ. ხოჭოლავა, ნ. მაჭარაშვილი, გ. აბესაძე, ზ. მეტრეველი ; რედ. : ს. თოფურია. |
||
| 250 | _aმე-3 შევსებული და გადამუშავებული გამოცემა | ||
| 264 |
_aთბილისი : _bგანათლება, _c1991. |
||
| 300 |
_a782 გვ. : _bნახ. ; _c21 სმ. |
||
| 541 | _h15ლ. | ||
| 653 | _aმათემატიკა | ||
| 653 | _aმათემატიკის სახელმძღვანელოები უმაღლესში შემსვლელთათვის | ||
| 653 | _aალგებრის ამოცანათა კრებულები | ||
| 653 | _a მათემატიკური ანალიზი | ||
| 700 |
_aთოფურია, ს. _eავტორი _925070 |
||
| 700 |
_aხოჭოლავა, ვ. _eავტორი _925071 |
||
| 700 |
_aმაჭარაშვილი, ნ. _eავტორი _91495 |
||
| 700 |
_aაბესაძე, გ. _eავტორი _91415 |
||
| 700 |
_aმეტრეველი, ზ. _eავტორი _95368 |
||
| 700 |
_aთოფურია, ს. _eრედაქტორი _925072 |
||
| 942 |
_cBK _2udc |
||